| 000 | 00759nam a2200241Ia 4500 | ||
|---|---|---|---|
| 005 | 20230605113931.0 | ||
| 008 | 131103s9999 xx 000 0 und d | ||
| 020 |
_a1565843762 _cRs 695 |
||
| 040 | _aLoreto College | ||
| 041 | _aEnglish | ||
| 082 |
_a938 _bLOR |
||
| 245 |
_aAntiquities _cEdited by Nicole Loraux, Gregory Nagy and Laura Slatkin. Translated by Arthur Goldhammer and others |
||
| 260 |
_aNew York _bThe New Press _c2001 |
||
| 300 | _axii,481p | ||
| 440 | _aPostwar French Thought; 3 | ||
| 504 | _aIncludes bibliographical references | ||
| 630 | _aClassical Literature-History and Criticism | ||
| 650 | _aClassicists, France | ||
| 651 | _aCivilization, Classical | ||
| 700 | _aNicole, Loraux, ed | ||
| 850 | _aLCLIB | ||
| 942 | _cBK | ||
| 999 |
_c15946 _d66425 |
||